تحميل...

Bibliography of Doctoral Discertations 1857 - 1970 : Social Science

التفاصيل البيبلوغرافية
المؤلف الرئيسي: Association of Indian Universities, Delhi
التنسيق: Printed Book
اللغة:Undetermined
منشور في: Delhi Inter-University Board of India 1974
LEADER 00532nam a2200109Ia 4500
008 100907s9999 xx 000 0 und d
100 |a Association of Indian Universities, Delhi 
245 |a Bibliography of Doctoral Discertations 1857 - 1970 : Social Science 
260 |b Inter-University Board of India  |a Delhi  |c 1974 
942 |c BK 
999 |c 313094  |d 313094 
952 |0 0  |1 0  |4 0  |6 O_16_300000000000000_ASS_BI  |7 0  |9 359194  |a ECN  |b ECN  |c ST1  |d 2010-09-07  |e Association of Indian Universities, Delhi  |g 0.00  |i 3604  |l 0  |o O16.3 ASS/BI  |p ECN3604  |r 2010-09-07  |w 2010-09-07  |y BK